Quel est le nom de ce super-héros? - Statistiques

Statistiques générales
  • Ce quiz a été pris 131 fois
  • Le résultat moyen est 19 sur 36
Statistiques - réponses
Par images Réponse % Correct
Flash Gordon
99%
Aquaman
97%
Catwoman
95%
Ant-Man
93%
Docteur Strange
91%
Green Lantern
91%
Supergirl
83%
Captain Marvel
77%
Shazam
77%
Saitama
76%
Ben 10
75%
Lady Bug
73%
Black Widow
72%
SamSam
62%
Robocop
61%
Tornade
59%
Hellboy
58%
La Torche Humaine
55%
Moon Knight
53%
Bulle
46%
Endeavor
45%
Sniperking
45%
Xena la Guerrière
42%
Frozone
38%
Baymax
29%
Great Saiyaman
27%
Krypto
27%
Fantomiald
26%
Tartman
23%
Ikaris
21%
Metro Man
20%
Fantômette
17%
Le Coon
9%
Judge Dredd
8%
Avian, Héros Elementaire
7%
Dexio
4%
Aucun quiz correspondant
Distribution des résultats
% des personnes avec chaque résultat
Percentile par nombre de réponses
Votre historique - résultats
Vous n’avez pas pris ce quiz